Involuntary Non-Standard Employment in Europe

Trh práce po hospodárskej kríze v roku 2018. Podpora neštandardných foriem zamestnania (napr. brigáda) ako súčasť podpory zamestnanosti v EÚ. Výpočet indikátoru nedobrovoľného neštandardného zamestnania. Komparatívna analýza krajín s najvyšším indikátorom. Najviac ohrozené skupiny obyvateľstva (mlad...

ver descrição completa

Na minha lista:
Detalhes bibliográficos
Autor principal: Green, Anne
Outros Autores: Livanos, Ilias
Formato: Capítulo de Livro
Idioma:inglês
Assuntos:
Tags: Adicionar Tag
Sem tags, seja o primeiro a adicionar uma tag!

MARC

LEADER 00000naa a2200000 4500
001 0254538
005 20221104111410.9
041 0 |a eng 
044 |a GB 
245 1 0 |a Involuntary Non-Standard Employment in Europe  |c Anne Green, Ilias Livanos 
520 |a Trh práce po hospodárskej kríze v roku 2018. Podpora neštandardných foriem zamestnania (napr. brigáda) ako súčasť podpory zamestnanosti v EÚ. Výpočet indikátoru nedobrovoľného neštandardného zamestnania. Komparatívna analýza krajín s najvyšším indikátorom. Najviac ohrozené skupiny obyvateľstva (mladí pracovníci, osoby bez štátnej príslušnosti). 
610 2 0 |a zamestnanie 
610 2 0 |a zdroje ľudské 
610 2 0 |a porovnanie medzinárodné 
610 2 0 |a kríza hospodárska 
610 2 0 |a trh práce 
100 1 |a Green, Anne 
700 1 |a Livanos, Ilias